[Event "POL-chT 66th"]
[Site "Katowice"]
[Date "2010.09.08"]
[Round "5"]
[White "Macieja, Bartlomiej"]
[Black "Zhigalko, Sergei"]
[Result "1/2-1/2"]
[WhiteElo "2649"]
[BlackElo "2640"]
[Annotator "RR"]
[PlyCount "96"]
[EventDate "2010.09.04"]
[EventType "team-tourn"]
[EventRounds "9"]
[EventCountry "POL"]
[SourceTitle "EXT 2016"]
[Source "ChessBase"]
[SourceDate "2015.10.08"]
[SourceVersion "1"]
[SourceVersionDate "2015.10.08"]
[SourceQuality "1"]
[WhiteTeam "Wroclaw AZS WSB"]
[BlackTeam "Dankowice"]
[WhiteTeamCountry "POL"]
[BlackTeamCountry "POL"]

1. Nf3 Nf6 2. c4 e6 3. Nc3 c5 4. g3 b6 5. Bg2 Bb7 6. O-O Be7 7. b3 {Une variante solide} (7. d4 $142 cxd4 8. Qxd4 Nc6 9. Qf4 O-O 10. b3 Qb8 11. Rd1 Rd8 12. Qxb8 Raxb8 13. Bf4 Rbc8 14. Ne5 Ba8 15. Nb5 Nxe5 {1-0 Gelfand,B (2585)-Kholmov,R (2475) URS-ch FL56 Klaipeda 1988} (15... g5 16. Nxc6 dxc6 17. Bd6 Bxd6 18. Nxd6 Rb8 19. c5 {[%csl Ra8] Gelfand})) (7. Re1 $142) 7... O-O 8. Bb2 Nc6 9. e3 {[%cal Gd1e2]} Rc8 (9... d5 10. cxd5 Nxd5 11. Nxd5 exd5 12. d4 Qd7 13. dxc5 bxc5 14. Qd2 Rfd8 15. Rfd1 Qe6 16. Rac1 a5 17. Ne1 d4 18. Nd3 dxe3 19. Qxe3 Qxe3 20. fxe3 Rd7 21. Ne5 Nxe5 22. Rxd7 Nxd7 23. Bxb7 Ra7 24. Bc6 Rc7 25. Bb5 Nb6 26. Kf2 a4 27. bxa4 Ra7 28. Bc3 Nxa4 29. Bd2 Kf8 30. Ke2 Bd6 31. Kf3 f6 32. h3 Ke7 33. Rc4 Nb6 34. Re4+ Be5 35. a4 Kd6 36. a5 Nd5 37. Rc4 Rb7 38. Ba4 Nb4 39. g4 {Cordova,E (2596)-Quesada Perez,Y (2639) Merida 2013 ½-½}) 10. Rc1 (10. Qe2 d5 11. d3 (11. Rfd1)) 10... Na5 $6 {Un coup pas très utile} (10... d5 $142 {Plus naturel} 11. d3 Rc7 $132 {[%cal Gd8a8]}) 11. d4 $146 (11. Qe2 d5 12. cxd5 exd5 13. d4 c4 14. bxc4 Nxc4 15. Ne5 Ba6 16. Rfd1 b5 17. e4 Nxb2 18. Qxb2 Qa5 19. Nxd5 Nxd5 20. Rxc8 Rxc8 21. exd5 Ba3 22. Qb1 Qa4 23. Nc6 Bb7 24. Bf3 g6 25. Rd3 Bd6 26. Qb2 b4 27. Re3 Kf8 28. h4 h5 29. Rb3 a5 30. Qd2 Qb5 31. Na7 Qd7 32. Nxc8 Qxc8 33. Rb1 Qf5 34. Qd1 g5 35. hxg5 Qxg5 36. Qc1 Qg7 37. Qe3 Bxg3 38. fxg3 Qxg3+ 39. Kh1 {½-½ (39) Gravel,S (2256)-Hamilton,R (2349) Toronto 2004}) 11... cxd4 12. Qxd4 Qc7 13. Nb5 (13. Rfd1 d6 14. Nb5 Qb8) 13... Qb8 14. Rfd1 d5 (14... d6 15. Qf4 {[%cal Gb2f6]} Rfd8 16. Bxf6 Bxf6 (16... gxf6) 17. Rxd6 Rxd6 18. Qxd6 Qa8 $44 {[%csl Gb7,Rd6,Gf6][%cal Gc8d8]}) 15. cxd5 Bxd5 16. Qf4 $1 {C'est souvent une bonne case pour la  Blanche dans cette structure hérisson} Qb7 17. Bxf6 (17. Ne1 Bxg2 18. Nxg2) 17... gxf6 (17... Bxf6 $143 18. e4 Rxc1 (18... Bxe4 19. Nd6) 19. Rxc1 Bc6 20. e5 $14) 18. Rc7 (18. e4 $1 Rxc1 19. Rxc1 Bc6 20. Nfd4 $36 {[%csl Ra5,Gg2] Les Blancs ont un bon avantage d'espace et des pièces plus actives}) 18... Rxc7 19. Qxc7 Rc8 20. Qxb7 Nxb7 21. Ne1 Bxg2 22. Kxg2 Bb4 23. Nd3 Bf8 24. Rc1 Rxc1 25. Nxc1 $14 {[%csl Ra7,Rf6,Rh7] Les Blancs ont une bonne finale mais le  Blanc aura du mal à attaquer les faiblesses adverses de l'aile-dame} a5 {[%csl Gb4]} 26. Nd3 f5 27. Ne5 {[%cal Ge5d7,Gd7f8,Gd7b6]} Nc5 28. Kf3 f6 29. Nc4 Nd7 30. Ke2 Kf7 31. Nbd6+ Bxd6 32. Nxd6+ Ke7 33. Nc4 {[%csl Ra5,Rb6]} Kd8 34. Kf3 (34. Kd3 {[%cal Gd3c3,Gc3b2,Gb2a3,Ga3a4]} Kc7 $11) 34... Ne5+ 35. Nxe5 fxe5 36. g4 Ke7 37. g5 $1 {[%csl Rh7][%cal Gf3g3,Gg3h4,Gh4h5]} Kf7 38. Kg3 e4 39. f4 (39. Kf4 Kg6) 39... exf3 {Après cet échange, les Noirs n'ont plus de problèmes} 40. Kxf3 e5 41. a4 Kg6 42. h4 h6 43. gxh6 Kxh6 44. Kf2 Kg6 45. Kf3 Kh6 46. Kf2 Kg6 47. Kf3 Kh6 48. Kf2 Kg6 1/2-1/2

[Event "POL-chT 66th"]
[Site "Katowice"]
[Date "2010.09.09"]
[Round "6"]
[White "Zhigalko, Sergei"]
[Black "Tomczak, Jacek"]
[Result "1-0"]
[WhiteElo "2640"]
[BlackElo "2533"]
[Annotator "RR"]
[PlyCount "61"]
[EventDate "2010.09.04"]
[EventType "team-tourn"]
[EventRounds "9"]
[EventCountry "POL"]
[SourceTitle "EXT 2016"]
[Source "ChessBase"]
[SourceDate "2015.10.08"]
[SourceVersion "1"]
[SourceVersionDate "2015.10.08"]
[SourceQuality "1"]
[WhiteTeam "Dankowice"]
[BlackTeam "Poznan Pocztowiec"]
[WhiteTeamCountry "POL"]
[BlackTeamCountry "POL"]

1. e4 d5 2. exd5 Qxd5 3. Nc3 Qd6 4. d4 Nf6 5. Nf3 g6 6. g3 {[%cal Gc1f4] Une variante populaire depuis quelques années contre cette ligne d6} Bg7 7. Bf4 (7. Bg2 Qa6 8. Bf4) 7... Qb6 8. Qd2 O-O 9. Ne5 Nc6 (9... Qxb2 10. Rb1 Qa3 11. Nc4 $44 {[%csl Ra3]}) 10. O-O-O Be6 11. Nxc6 bxc6 12. Na4 $1 {[%cal Ga4c5]} Qb8 13. a3 Rd8 14. Be2 (14. Nc5 Bg4) 14... Nd7 15. Qa5 $1 Nb6 16. Nc5 $14 {[%csl Gc5,Rc6,Rc7]} Bc4 17. Bxc4 Nxc4 18. Qc3 Nd6 $2 (18... Qb5 19. Rhe1) 19. Be5 Bh6+ 20. Kb1 Nb5 21. Qb3 $16 {[%cal Gc2c4]} Qc8 22. d5 $1 $36 {[%csl Rb5]} Qf5 23. f4 {[%cal Gd5c6]} Bg7 24. a4 (24. dxc6 Bxe5 25. fxe5 Nd4 26. Qc3 Nxc6 (26... Qxe5 27. Nd7)) 24... Nd6 25. Bxg7 Kxg7 26. Qc3+ Kg8 27. dxc6 Ne4 28. Nxe4 Qxe4 29. b3 Rdb8 {la a8 n'a toujours pas été developpée...} (29... Rab8) 30. Rhe1 Qxa4 31. Rd8+ 1-0

[Event "POL-chT 66th"]
[Site "Katowice"]
[Date "2010.09.10"]
[Round "7"]
[White "Krejci, Jan"]
[Black "Zhigalko, Sergei"]
[Result "0-1"]
[WhiteElo "2454"]
[BlackElo "2640"]
[Annotator "RR"]
[PlyCount "116"]
[EventDate "2010.09.04"]
[EventType "team-tourn"]
[EventRounds "9"]
[EventCountry "POL"]
[SourceTitle "EXT 2016"]
[Source "ChessBase"]
[SourceDate "2015.10.08"]
[SourceVersion "1"]
[SourceVersionDate "2015.10.08"]
[SourceQuality "1"]
[WhiteTeam "Wroclaw"]
[BlackTeam "Dankowice"]
[WhiteTeamCountry "POL"]
[BlackTeamCountry "POL"]

1. e4 c5 2. Nf3 d6 3. d4 cxd4 4. Nxd4 Nf6 5. Nc3 a6 6. Be3 e5 7. Nf3 (7. Nb3) 7... Be7 8. Bc4 O-O 9. O-O Nc6 10. Qe2 Na5 11. Bb3 (11. Bd3 Be6 12. Na4 b5 13. Bb6 Qc8 14. Bxa5 bxa4 15. Rfd1 Qb7 16. b4 Nh5 17. g3 Bg4 18. h3 Be6 19. Kh2 Nf6 20. c4 Nd7 21. Nd2 Nb8 22. c5 dxc5 23. bxc5 Bxc5 24. Rac1 Qa7 25. f4 Nc6 26. Bc3 Bxa2 27. Ra1 Bb3 28. Nxb3 axb3 29. fxe5 Nd4 30. Qb2 Qb6 31. Ra4 Ne6 32. Bc4 Rfb8 33. Rda1 Bd4 34. Bxd4 Qxd4 35. Qxd4 Nxd4 36. Bd5 b2 37. Rb1 Ne2 38. Rc4 Ra7 39. Rxb2 {1-0 (39) Ponkratov,P (2624)-Kokarev,D (2624) Khanty-Mansiysk 2014}) 11... h6 (11... Be6 12. Rfd1 Nxb3 13. axb3 Qc7 $11) 12. Rfd1 Nxb3 13. axb3 Bd7 14. Ne1 b5 $146 (14... Qc7 15. f3 b5 16. b4 Rfc8 17. Nd3 {½-½ (17) Bochev,K (2312)-Petkov,S (2371) ICCF email 2010}) (14... Bc6 15. Nd3) 15. Nd3 a5 16. b4 $6 a4 {[%csl Rb4]} 17. h3 (17. Nd5 $6 Nxe4 (17... Nxd5 18. exd5 f5 $15) 18. Bb6) 17... Qc7 18. f4 Qb7 19. Nd5 Nxd5 20. exd5 Bf5 (20... Qxd5 21. Nxe5) 21. fxe5 Qxd5 $1 22. exd6 Bxd6 23. Qf2 Rfe8 $11 {Les pièces Noires sont trés actives avec notamment la paire de } 24. Bf4 Bf8 25. Rd2 (25. Nc5 $2 Qc4 26. c3 Re2 $40) 25... Qc4 $1 26. Bd6 (26. Bxh6 $1 Bxd3 27. Rxd3 Qxb4 (27... gxh6 28. Rg3+ Kh7 29. Qf5+ Kh8 30. Qf6+ {Forçant la nulle}) 28. Rf1 $13 {[%csl Rf7]}) 26... Bxd6 27. Qxf5 Bxb4 28. Nxb4 Qxb4 29. Rd7 $2 (29. c3) 29... Qxb2 $1 {[%csl Ga4][%cal Gb2a1,Gb2g7] Les Blancs n'ont pas d'attaque} 30. Qxf7+ Kh8 31. Ra3 {[%cal Ga3g3]} Rf8 32. Qg6 Rg8 {[%cal Gb2a3]} 33. Qd6 Qxc2 {Restant précis} (33... b4 $2 34. Rg3 $1 {[%csl Rg7][%cal Gd6h6,Gg3g7]} a3 35. Rgxg7 $1 {[%cal Gd6h6]}) 34. Rg3 Rac8 35. Kh2 Qc5 36. Qf4 {[%cal Gf4h6,Gg3g7]} Rc6 $1 {[%cal Gc6h6]} (36... a3 $4 37. Rgxg7) 37. Qe4 Rf6 38. Rd5 Qb6 $2 {Une petite imprécision qui va laisser du répit aux Blancs} (38... Qc6 $8) 39. Qd3 Rb8 (39... a3 40. Qxa3 b4) 40. Rd7 Rg8 41. Rd5 Qa6 42. Qxb5 Qxb5 43. Rxb5 Ra8 {[%csl Ra4,Ga8]} 44. Rb7 g5 45. Ra3 {[%csl Ra3][%cal Gb7b4]} Rf4 46. Rc3 a3 47. Rcc7 a2 48. Rh7+ Kg8 49. Rbg7+ Kf8 50. Ra7 Rxa7 51. Rxa7 Rf2 52. Kg3 Rc2 53. Kf3 Ke8 $1 {[%cal Ge8b8]} 54. g4 Kd8 55. Ke4 Kc8 56. Kf5 Kb8 57. Ra3 Kb7 58. Kg6 Rc6+ 0-1

[Event "Olympiad-39"]
[Site "Khanty-Mansiysk"]
[Date "2010.09.24"]
[Round "4.1"]
[White "Cuartas, Jaime Alexander"]
[Black "Zhigalko, Sergei"]
[Result "1/2-1/2"]
[WhiteElo "2529"]
[BlackElo "2640"]
[PlyCount "108"]
[EventDate "2010.09.21"]
[EventType "team-swiss"]
[EventRounds "11"]
[EventCountry "RUS"]
[SourceTitle "CBM 139"]
[Source "ChessBase"]
[SourceDate "2010.11.18"]
[SourceVersion "1"]
[SourceVersionDate "2010.11.18"]
[SourceQuality "1"]
[WhiteTeam "Columbia"]
[BlackTeam "Belarus"]
[WhiteTeamCountry "COL"]
[BlackTeamCountry "BLR"]

1. e4 c5 2. Nf3 d6 3. d4 cxd4 4. Nxd4 Nf6 5. Nc3 a6 6. Bg5 Nbd7 7. Qd2 e6 8. f3 Be7 9. O-O-O O-O 10. g4 Qc7 11. Be3 Ne5 12. g5 Nfd7 13. f4 Nc4 14. Bxc4 Qxc4 15. h4 b5 16. b3 Qc7 17. g6 b4 18. Na4 Nf6 19. gxh7+ Kh8 20. Rhg1 Bb7 21. Qg2 g6 22. Nxe6 fxe6 23. Bb6 Bxe4 24. Bxc7 Bxg2 25. Rxg2 Nd5 26. Rxd5 exd5 27. Nb6 Rae8 28. Nxd5 Bf6 29. Rxg6 Bc3 30. Rg1 Kxh7 31. Bxd6 Rg8 32. Rd1 Re2 33. Bxb4 Bh8 34. Bd2 Rh2 35. c4 Bd4 36. f5 Rgg2 37. f6 Kg8 38. b4 Kf7 39. c5 Rxh4 40. c6 Be5 41. Ne3 Re2 42. Rg1 Rxe3 43. Bxe3 Rxb4 44. Rg2 Kxf6 45. Rc2 Bc7 46. Kd2 Ke6 47. Kd3 Ra4 48. Bc5 Kd5 49. Bf8 Rd4+ 50. Ke3 Re4+ 51. Kd3 Rd4+ 52. Ke3 Re4+ 53. Kd3 Rd4+ 54. Ke3 Re4+ 1/2-1/2

[Event "Chigorin Memorial 18th"]
[Site "St Petersburg"]
[Date "2010.10.28"]
[Round "1"]
[White "Zhigalko, Sergei"]
[Black "Khakimov, Timur"]
[Result "1-0"]
[WhiteElo "2640"]
[BlackElo "2288"]
[PlyCount "69"]
[EventDate "2010.10.28"]
[EventType "swiss"]
[EventRounds "9"]
[EventCountry "RUS"]
[SourceTitle "EXT 2011"]
[Source "ChessBase"]
[SourceDate "2010.11.26"]
[SourceVersion "1"]
[SourceVersionDate "2010.11.26"]
[SourceQuality "1"]

1. e4 e5 2. Nf3 Nc6 3. Bb5 f5 4. d3 fxe4 5. dxe4 Nf6 6. O-O Bc5 7. Bg5 Nd4 8. Nxd4 Bxd4 9. c3 Bb6 10. a4 c6 11. Bc4 d6 12. a5 Bc7 13. f4 Bxa5 14. Nd2 Bg4 15. Qe1 Bb6+ 16. Kh1 Qd7 17. Qh4 O-O-O 18. f5 d5 19. exd5 cxd5 20. Bxf6 gxf6 21. Qxg4 dxc4 22. Qxc4+ Kb8 23. Ne4 Rhf8 24. Rae1 Qc7 25. Qxc7+ Kxc7 26. Rd1 Kc6 27. g4 Rd5 28. Kg2 Bd8 29. Kf3 Rxd1 30. Rxd1 Be7 31. c4 Bb4 32. c5 Kc7 33. h4 b6 34. Rd6 Bxc5 35. Rxf6 1-0

[Event "Chigorin Memorial 18th"]
[Site "St Petersburg"]
[Date "2010.10.29"]
[Round "2"]
[White "Slizhevsky, Alexander"]
[Black "Zhigalko, Sergei"]
[Result "0-1"]
[WhiteElo "2446"]
[BlackElo "2640"]
[PlyCount "80"]
[EventDate "2010.10.28"]
[EventType "swiss"]
[EventRounds "9"]
[EventCountry "RUS"]
[SourceTitle "EXT 2011"]
[Source "ChessBase"]
[SourceDate "2010.11.26"]
[SourceVersion "1"]
[SourceVersionDate "2010.11.26"]
[SourceQuality "1"]

1. e4 c5 2. Nf3 d6 3. d4 cxd4 4. Nxd4 Nf6 5. Nc3 a6 6. Be3 e5 7. Nb3 Be7 8. f3 Be6 9. Qd2 O-O 10. O-O-O a5 11. a4 Nc6 12. g4 Nb4 13. g5 Ne8 14. f4 f6 15. f5 Bf7 16. g6 hxg6 17. fxg6 Bxg6 18. Rg1 Bh7 19. Bc4+ Kh8 20. Bh6 f5 21. exf5 Rxf5 22. Be3 Rf8 23. Na1 Qd7 24. Qe2 Rc8 25. Bb3 Bf6 26. Bb6 Bd8 27. Bxd8 Qxd8 28. Ne4 Qh4 29. Rg4 Qh6+ 30. Kb1 Nf6 31. Nxf6 Rxf6 32. Rdg1 Rcf8 33. h4 Rf2 34. Qb5 Bd3 35. Qxd3 Nxd3 36. cxd3 Qd2 37. Nc2 Rf1+ 38. Rxf1 Rxf1+ 39. Ka2 Qxd3 40. Bc4 Qd1 0-1

[Event "Chigorin Memorial 18th"]
[Site "St Petersburg"]
[Date "2010.10.30"]
[Round "3"]
[White "Zhigalko, Sergei"]
[Black "Yudin, Sergei"]
[Result "1-0"]
[WhiteElo "2640"]
[BlackElo "2521"]
[PlyCount "103"]
[EventDate "2010.10.28"]
[EventType "swiss"]
[EventRounds "9"]
[EventCountry "RUS"]
[SourceTitle "EXT 2011"]
[Source "ChessBase"]
[SourceDate "2010.11.26"]
[SourceVersion "1"]
[SourceVersionDate "2010.11.26"]
[SourceQuality "1"]

1. e4 e6 2. d4 d5 3. Nc3 dxe4 4. Nxe4 Nd7 5. Nf3 Ngf6 6. Nxf6+ Nxf6 7. Bd3 c5 8. O-O cxd4 9. Nxd4 Be7 10. c3 O-O 11. Qe2 Qc7 12. Nb5 Qc6 13. Bg5 Bd7 14. Rad1 h6 15. Bxf6 Bxf6 16. Nd6 Rab8 17. Bb5 Qc7 18. Bxd7 Qxd7 19. Ne4 Qe7 20. Qe3 Be5 21. Qxa7 Ra8 22. Qc5 Bxh2+ 23. Kxh2 Qh4+ 24. Kg1 Qxe4 25. a3 Rad8 26. Qb6 Rxd1 27. Rxd1 h5 28. Qd4 Qe2 29. Rd2 Qe1+ 30. Kh2 Rc8 31. Qf4 Rc5 32. Rd8+ Kh7 33. Qxf7 Rf5 34. Qg8+ Kg6 35. Rd3 Qe5+ 36. Kg1 Qe1+ 37. Kh2 Qe5+ 38. Rg3+ Rg5 39. f4 Qxf4 40. Qxe6+ Kh7 41. Qe3 Qh4+ 42. Rh3 Qg4 43. Qf3 Qxf3 44. Rxf3 Re5 45. c4 b6 46. b4 Re6 47. Rc3 g5 48. c5 bxc5 49. Rxc5 Kg6 50. Rc3 h4 51. b5 Re1 52. Rb3 1-0

[Event "Chigorin Memorial 18th"]
[Site "St Petersburg"]
[Date "2010.10.31"]
[Round "4"]
[White "Fedoseev, Vladimir"]
[Black "Zhigalko, Sergei"]
[Result "1/2-1/2"]
[WhiteElo "2477"]
[BlackElo "2640"]
[PlyCount "45"]
[EventDate "2010.10.28"]
[EventType "swiss"]
[EventRounds "9"]
[EventCountry "RUS"]
[SourceTitle "EXT 2011"]
[Source "ChessBase"]
[SourceDate "2010.11.26"]
[SourceVersion "1"]
[SourceVersionDate "2010.11.26"]
[SourceQuality "1"]

1. d4 Nf6 2. c4 e6 3. Nf3 b6 4. e3 Bb7 5. Bd3 d5 6. Nc3 Bd6 7. Qc2 dxc4 8. Bxc4 c5 9. dxc5 Bxc5 10. e4 Nc6 11. Bg5 h6 12. Rd1 Qe7 13. Bh4 g5 14. Bg3 Nh5 15. a3 Rc8 16. Na4 Nxg3 17. hxg3 g4 18. Qc3 Rg8 19. Ne5 Nxe5 20. Qxe5 Bxf2+ 21. Kxf2 Rxc4 22. Rxh6 Qc7 23. Rxe6+ 1/2-1/2

[Event "Chigorin Memorial 18th"]
[Site "St Petersburg"]
[Date "2010.11.03"]
[Round "7"]
[White "Zhigalko, Sergei"]
[Black "Demchenko, Anton"]
[Result "1/2-1/2"]
[WhiteElo "2640"]
[BlackElo "2529"]
[PlyCount "108"]
[EventDate "2010.10.28"]
[EventType "swiss"]
[EventRounds "9"]
[EventCountry "RUS"]
[SourceTitle "EXT 2011"]
[Source "ChessBase"]
[SourceDate "2010.11.26"]
[SourceVersion "1"]
[SourceVersionDate "2010.11.26"]
[SourceQuality "1"]

1. e4 e5 2. Nf3 Nc6 3. Bb5 a6 4. Ba4 d6 5. O-O Nge7 6. c3 Bd7 7. d4 h6 8. d5 Nb8 9. c4 Ng6 10. Nc3 Be7 11. b4 O-O 12. Be3 Bxa4 13. Nxa4 Nd7 14. c5 b5 15. cxb6 cxb6 16. Nc3 Nh4 17. Rc1 Nxf3+ 18. Qxf3 Bg5 19. Nd1 a5 20. a3 axb4 21. axb4 Ra4 22. Rb1 Nf6 23. Nc3 Ra8 24. Rfc1 Qd7 25. Nd1 Rfc8 26. Rxc8+ Rxc8 27. Bxg5 hxg5 28. Qd3 Qa4 29. Ne3 g6 30. f3 Qa2 31. Rd1 Qa4 32. Rb1 Kg7 33. Qb3 Qb5 34. Re1 Nh5 35. g3 Nf6 36. Kg2 Nd7 37. Kg1 Nb8 38. Kf2 Na6 39. Rb1 Rc7 40. Ke1 Rc8 41. Kd1 Kf8 42. Kd2 Kg7 43. Qd3 Qa4 44. Qb3 Qb5 45. Qd3 Qa4 46. Qb3 Qd7 47. Qd3 b5 48. Ra1 Qb7 49. Ra5 Nc7 50. Ng4 Na6 51. Ne3 Rh8 52. Ng4 Rc8 53. Ne3 Rh8 54. Ng4 Rc8 1/2-1/2

[Event "Chigorin Memorial 18th"]
[Site "St Petersburg"]
[Date "2010.11.05"]
[Round "9"]
[White "Zhigalko, Sergei"]
[Black "Burmakin, Vladimir"]
[Result "1/2-1/2"]
[WhiteElo "2640"]
[BlackElo "2593"]
[PlyCount "87"]
[EventDate "2010.10.28"]
[EventType "swiss"]
[EventRounds "9"]
[EventCountry "RUS"]
[SourceTitle "EXT 2011"]
[Source "ChessBase"]
[SourceDate "2010.11.26"]
[SourceVersion "1"]
[SourceVersionDate "2010.11.26"]
[SourceQuality "1"]

1. e4 c6 2. d4 d5 3. e5 Bf5 4. Nf3 e6 5. Be2 Ne7 6. O-O Nc8 7. Be3 Be7 8. Nbd2 O-O 9. a4 Nd7 10. Re1 c5 11. c4 dxc4 12. Nxc4 Ncb6 13. Nxb6 Qxb6 14. Bb5 Rfd8 15. Rc1 Be4 16. Nd2 Bc6 17. dxc5 Qa5 18. Nc4 Qc7 19. Qe2 Bd5 20. Bxd7 Qxd7 21. Qc2 Qc6 22. Na5 Qa6 23. Nc4 Qc6 24. Na5 Qa6 25. b4 b6 26. Nc4 bxc5 27. Bxc5 Bxc5 28. bxc5 Qc6 29. Ne3 Rab8 30. Red1 Rb4 31. a5 h6 32. h3 Rb5 33. Qa4 a6 34. Rc3 Rdb8 35. Nxd5 exd5 36. Qf4 Rd8 37. Rg3 Rd7 38. Qg4 g6 39. h4 Rxc5 40. h5 g5 41. f4 Rc4 42. Qf3 Qc5+ 43. Kh1 Qe7 44. Rf1 1/2-1/2

[Event "BLR-ch"]
[Site "Minsk"]
[Date "2011.01.13"]
[Round "2"]
[White "Lutsko, Igor"]
[Black "Zhigalko, Sergei"]
[Result "0-1"]
[WhiteElo "2353"]
[BlackElo "2671"]
[PlyCount "90"]
[EventDate "2011.01.12"]
[EventType "tourn"]
[EventRounds "13"]
[EventCountry "BLR"]
[EventCategory "9"]
[SourceTitle "EXT 2012"]
[Source "ChessBase"]
[SourceDate "2011.11.24"]
[SourceVersion "1"]
[SourceVersionDate "2011.11.24"]
[SourceQuality "1"]

1. d4 Nf6 2. c4 e6 3. Nc3 Bb4 4. e3 b6 5. Nge2 Bb7 6. a3 Bd6 7. f3 Nh5 8. e4 Qh4+ 9. Kd2 Nc6 10. Kc2 f5 11. Be3 fxe4 12. Nxe4 Ne7 13. Qd3 Ng6 14. g3 Qd8 15. f4 Nf6 16. N2c3 b5 17. c5 Nxe4 18. Nxe4 Be7 19. Bg2 Rb8 20. Rhg1 O-O 21. Nc3 Bxg2 22. Rxg2 c6 23. Rf2 d6 24. cxd6 Bxd6 25. f5 exf5 26. Rxf5 a5 27. Rxf8+ Bxf8 28. Qf5 Qe7 29. Re1 b4 30. Bf2 Qb7 31. axb4 axb4 32. Qe6+ Kh8 33. Ne4 b3+ 34. Kd3 Qb5+ 35. Ke3 c5 36. Kf3 cxd4 37. Kg2 d3 38. h4 Re8 39. Qf7 Qc6 40. Qf3 Ne5 41. Qf4 Ng6 42. Qf3 Ne5 43. Qf4 Bb4 44. Rc1 Qd5 45. Qf5 d2 0-1

[Event "Moscow Young GM"]
[Site "Moscow"]
[Date "2011.01.27"]
[Round "1"]
[White "Zhigalko, Sergei"]
[Black "Alekseev, Evgeny V"]
[Result "1/2-1/2"]
[WhiteElo "2671"]
[BlackElo "2701"]
[PlyCount "53"]
[EventDate "2011.01.27"]
[EventType "tourn"]
[EventRounds "11"]
[EventCountry "RUS"]
[EventCategory "15"]
[SourceTitle "CBM 141"]
[Source "ChessBase"]
[SourceDate "2011.03.17"]
[SourceVersion "1"]
[SourceVersionDate "2011.03.17"]
[SourceQuality "1"]

1. d4 Nf6 2. c4 e6 3. Nc3 Bb4 4. e3 O-O 5. Bd3 d5 6. Nge2 c5 7. cxd5 cxd4 8. exd4 Nxd5 9. O-O Nc6 10. Nxd5 exd5 11. Nf4 Be6 12. Nxe6 fxe6 13. Qh5 g6 14. Qg4 Qf6 15. Be3 Kh8 16. Rad1 Ba5 17. Bb1 Bb6 18. Bg5 Qf7 19. Bh6 Rfe8 20. Rd3 e5 21. Rf3 Qc7 22. Qg5 e4 23. Rf5 gxf5 24. Qf6+ Kg8 25. Qg5+ Kh8 26. Qf6+ Kg8 27. Qg5+ 1/2-1/2

[Event "Cappelle op 27th"]
[Site "Cappelle la Grande"]
[Date "2011.03.02"]
[Round "6"]
[White "Zhigalko, Sergei"]
[Black "Strugnell, Carl"]
[Result "1-0"]
[WhiteElo "2671"]
[BlackElo "2231"]
[PlyCount "63"]
[EventDate "2011.02.26"]
[EventType "swiss"]
[EventRounds "9"]
[EventCountry "FRA"]
[SourceTitle "CBM 141 Extra"]
[Source "ChessBase"]
[SourceDate "2011.05.03"]
[SourceVersion "1"]
[SourceVersionDate "2011.05.03"]
[SourceQuality "1"]

1. e4 c5 2. c3 d6 3. d4 Nf6 4. Bd3 g6 5. h3 Bg7 6. Nf3 O-O 7. O-O Nc6 8. d5 Ne5 9. Nxe5 dxe5 10. Be3 b6 11. c4 Ne8 12. Nc3 Nd6 13. a3 f5 14. f3 Bd7 15. b4 Rc8 16. Qb3 e6 17. Rad1 exd5 18. Nxd5 Be6 19. bxc5 bxc5 20. Bc2 fxe4 21. Bxe4 Kh8 22. Qa4 Qe8 23. Qa6 Rc6 24. Qa4 Rc8 25. Qc2 Nf5 26. Bxf5 Bxf5 27. Qf2 Qa4 28. Bxc5 Rfd8 29. Bxa7 e4 30. fxe4 Bxe4 31. Bd4 Bf5 32. Bxg7+ 1-0

[Event "Cappelle op 27th"]
[Site "Cappelle la Grande"]
[Date "2011.03.05"]
[Round "9"]
[White "Harika, Dronavalli"]
[Black "Zhigalko, Sergei"]
[Result "0-1"]
[WhiteElo "2520"]
[BlackElo "2671"]
[PlyCount "122"]
[EventDate "2011.02.26"]
[EventType "swiss"]
[EventRounds "9"]
[EventCountry "FRA"]
[SourceTitle "CBM 141 Extra"]
[Source "ChessBase"]
[SourceDate "2011.05.03"]
[SourceVersion "1"]
[SourceVersionDate "2011.05.03"]
[SourceQuality "1"]

1. d4 Nf6 2. c4 e6 3. Nf3 b6 4. g3 Ba6 5. Qa4 Bb7 6. Bg2 c5 7. dxc5 bxc5 8. O-O Be7 9. Nc3 O-O 10. Rd1 Qb6 11. Bf4 Rd8 12. Rd2 d6 13. Rad1 Ne8 14. e4 Bc6 15. Qc2 Qb7 16. Rd3 Na6 17. Qe2 h6 18. e5 Nb4 19. R3d2 d5 20. a3 d4 21. axb4 dxc3 22. bxc3 cxb4 23. cxb4 Qxb4 24. Rxd8 Rxd8 25. Rxd8 Bxd8 26. Nd4 Bxg2 27. Kxg2 Qc5 28. Nb5 a6 29. Nc3 Qd4 30. Qd2 Bb6 31. Na4 Ba7 32. Qxd4 Bxd4 33. Bd2 Bxe5 34. Nc5 Nd6 35. Nxa6 Nxc4 36. Bb4 Kh7 37. Nc5 Bd6 38. Nd3 Bxb4 39. Nxb4 Kg6 40. h4 Kf5 41. Kf3 Ne5+ 42. Ke2 Kg4 43. Nc2 Kh3 44. Kf1 Nf3 45. Ne3 f5 46. Ke2 Nd4+ 47. Kd3 Nc6 48. Ke2 g6 49. Nc2 e5 50. Ke3 Ne7 51. Nb4 Kg2 52. Nd3 Nd5+ 53. Ke2 e4 54. Ne5 g5 55. hxg5 hxg5 56. Nc4 f4 57. gxf4 gxf4 58. Nd2 Nc3+ 59. Ke1 f3 60. Nc4 Nd5 61. Nd2 Nf6 0-1